Literary Fights Quiz Stats

 Plays Quiz Updated Jun 23, 2018

Challenge
Share
Tweet
Embed
Score 0/20 Timer 05:00
0 Plays Today
% Correct
The Hunger Games
95.5%
Harry Potter and the Chamber of Secrets
95.4%
Carrie
94.3%
Life of Pi
94.2%
Romeo and Juliet
93.6%
The Three Musketeers
93%
Fight Club
91.1%
The Iliad
90.7%
Animal Farm
90.6%
Lord of the Flies
90.1%
% Correct
One Flew Over the Cuckoo's Nest
89.4%
Don Quixote
87.4%
White Fang
85.3%
Of Mice and Men
85.2%
War and Peace
85%
Watership Down
81.4%
A Storm of Swords
77.7%
Oliver Twist
75.2%
A Clockwork Orange
73.3%
The Sun Also Rises
67.1%

You're not logged in!

Compare scores with friends on all Sporcle quizzes.
OR
Log In

You Might Also Like...

Show Comments

Extras

Top Quizzes Today


Score Distribution

Your Account Isn't Verified!

In order to create a playlist on Sporcle, you need to verify the email address you used during registration. Go to your Sporcle Settings to finish the process.

Report this User

Report this user for behavior that violates our Community Guidelines.

Details: